[Event "Druzynowe Mistrzostwa Polski - II Liga S"]
[Site "Ustron/Slaski Zwiazek Szachowy"]
[Date "2008.09.07"]
[Round "2.30"]
[White "Kupczyk, Edyta"]
[Black "Kmiecik, Emilia"]
[Result "1/2-1/2"]
[WhiteElo "2110"]
[BlackElo "1860"]
[PlyCount "91"]
[EventDate "2008.??.??"]

1. Nf3 Nf6 2. d4 d5 3. c4 e6 4. g3 Be7 5. Bg2 O-O 6. O-O Nbd7 7. Nc3 dxc4 8.
Qc2 Nd5 9. Ne4 Nb4 10. Qxc4 Nb6 11. Qc3 N6d5 12. Qb3 a5 13. Nc3 Bd7 14. e4 a4
15. Qd1 Nxc3 16. bxc3 Na6 17. Ne5 Rb8 18. f4 c5 19. Be3 cxd4 20. cxd4 b5 21. g4
f6 22. Nxd7 Qxd7 23. f5 Rfc8 24. e5 Rc4 25. d5 exf5 26. d6 Rxg4 27. dxe7 Qxe7
28. Qd5+ Kh8 29. Rxf5 Nb4 30. Qf3 Rg6 31. Rc1 Nd3 32. exf6 gxf6 33. Bc5 Nxc5
34. Rfxc5 Rbg8 35. Rc8 Qe6 36. Rxg8+ Kxg8 37. a3 h5 38. Kf1 Rg5 39. Bh3 Qb6 40.
Qf2 Qb7 41. Bg2 Qd7 42. Qc2 Rf5+ 43. Kg1 Qd4+ 44. Kh1 Rg5 45. Qc8+ Kh7 46. Rc7+
1/2-1/2

[Event "Druzynowe Mistrzostwa Polski - II Liga S"]
[Site "Ustron/Slaski Zwiazek Szachowy"]
[Date "2008.09.07"]
[Round "2.31"]
[White "Maciejczak, Jakub"]
[Black "Moskwinski, Tadeusz"]
[Result "1-0"]
[WhiteElo "2344"]
[BlackElo "2161"]
[PlyCount "59"]
[EventDate "2008.??.??"]

1. e4 c5 2. Nc3 d6 3. g3 Nc6 4. Bg2 g6 5. d3 Bg7 6. f4 e6 7. Nf3 Nge7 8. O-O
O-O 9. Be3 Nd4 10. e5 Nxf3+ 11. Qxf3 dxe5 12. Bxc5 Qc7 13. Ba3 f5 14. Kh1 a6
15. Rae1 exf4 16. Qxf4 e5 17. Qb4 Re8 18. Qd6 Qxd6 19. Bxd6 Nc6 20. Nd5 Rd8 21.
Bc7 Re8 22. Nb6 Ra7 23. Nc4 Bd7 24. Nd6 Re7 25. Bb6 Ra8 26. Nxb7 e4 27. Bc5 Re5
28. Bd6 Rb5 29. Nc5 Be8 30. b3 1-0

[Event "Druzynowe Mistrzostwa Polski - II Liga Seniorow"]
[Site "Ustron/Slaski Zwiazek Szachowy"]
[Date "2008.09.07"]
[Round "2.32"]
[White "Pazderski, Ziemowit"]
[Black "Jaroch, Karol"]
[Result "1/2-1/2"]
[WhiteTitle "k"]
[BlackTitle "I++"]
[WhiteElo "2197"]
[BlackElo "2158"]

1.d4 e6 2.Nf3 f5 3.Bf4 b6 4.d5 Be7 5.dxe6 dxe6 6.Qxd8+ Bxd8 7.Nc3
Ne7 8.O-O-O Ng6 9.e3 O-O 10.Bc4 a6 11.h4 Nc6 12.a3 Nxf4 13.exf4
h6 14.Rhe1 Kf7 15.g3 Bf6 16.Ne2 Re8 17.Ned4 Nxd4 18.Nxd4 Bxd4
19.Rxd4 Kf6 20.Re5 Bb7 21.b4 Re7 22.Rd3 Rg8 23.Rde3 Bc8 24.h5
Rd8 25.c3 Rd6 26.f3 Re8 27.Bb3 Red8 28.Re2 Re8 29.Kc2 Bb7 30.R2e3
Bc8 31.c4 Red8 32.c5 Rc6 33.a4 g5 34.fxg5+ hxg5 35.g4 fxg4 36.fxg4
Rd4 37.R5e4 bxc5 38.b5 axb5 39.axb5 Rxe4 40.Rxe4 Rb6 41.Bc4 Bd7
42.Re1 Bxb5 43.Bxb5 Rxb5 44.h6 Rb8 45.Rh1 Rh8 46.h7 Kg7 47.Re1
Kf6 48.Rf1+ Ke7 49.Rh1 Kd6 50.Kd3 Ke5 51.Ke3 c4 52.Rh5 c3 53.Rxg5+
Kf6 54.Rh5 Kg6 55.Re5 Kf6 56.Rh5 Kg7 57.Rc5 Rxh7 58.Rxc7+ Kg6
59.Rxc3 Rh3+ 60.Kd4 Rh1 1/2-1/2

[Event "Druzynowe Mistrzostwa Polski - II Liga Seniorow"]
[Site "Ustron/Slaski Zwiazek Szachowy"]
[Date "2008.09.07"]
[Round "2.33"]
[White "Jaroch, Pawel"]
[Black "Krasiewicz, Robert"]
[Result "1-0"]
[WhiteTitle "k"]
[BlackTitle "I++"]
[WhiteElo "2255"]
[BlackElo "2136"]

1.c4 f5 2.Nc3 Nf6 3.g3 g6 4.Bg2 Bg7 5.d3 d6 6.e4 O-O 7.Nge2 e5
8.O-O Nc6 9.Rb1 a5 10.a3 Nh5 11.Nd5 Be6 12.f4 exf4 13.gxf4 Nd4
14.Be3 Nxe2+ 15.Qxe2 Rf7 16.Rbe1 fxe4 17.dxe4 c6 18.Nb6 Rb8 19.f5
Bc8 20.Nxc8 Qxc8 21.Bf3 Nf6 22.Bf4 gxf5 23.Bxd6 fxe4 24.Bxe4
Ra8 25.Bf5 Qd8 26.c5 Kh8 27.Be6 Re7 28.Qg2 Re8 29.Kh1 b6 30.Rg1
Ra7 31.Ba2 Rxe1 32.Rxe1 bxc5 33.Bxc5 Rd7 34.Rg1 Nd5 35.b4 axb4
36.axb4 Bf6 37.Qf3 Be5 38.Qh5 Bf6 39.Qf5 Rf7 40.Rf1 Qe8 41.Bxd5
cxd5 42.Bd4 Bxd4 43.Qxf7 Qe4+ 44.Qf3 Bc3 45.b5 Ba5 46.Qxe4 dxe4
47.Rf8+ Kg7 48.Re8 1-0

[Event "Druzynowe Mistrzostwa Polski - II Liga Seniorow"]
[Site "Ustron/Slaski Zwiazek Szachowy"]
[Date "2008.09.07"]
[Round "2.35"]
[White "Jozwicki, Jakub"]
[Black "Sliwinski, Marcin"]
[Result "1-0"]
[WhiteTitle "k"]
[BlackTitle "k"]
[WhiteElo "2220"]
[BlackElo "2127"]

1.e4 d5 2.exd5 Qxd5 3.Nf3 Nf6 4.d4 Bg4 5.Be2 Nc6 6.O-O O-O-O
7.c4 Qd6 8.d5 Bxf3 9.Bxf3 Ne5 10.Bf4 Nxf3+ 11.Qxf3 Qa6 12.Na3
e6 13.Nb5 Nxd5 14.Nxa7+ Qxa7 15.cxd5 Rxd5 16.Rfc1 c6 17.Be3 Qb8
18.Qxf7 Qd6 19.Qe8+ Kc7 20.Ba7 Qd8 21.Qxe6 Be7 22.Qe3 Qd7 23.Bb6+
Kc8 24.a4 Bf6 25.Qb3 Rd3 26.Qb4 Re8 27.Qa5 Be5 28.Qa8+ Bb8 29.Ba7
Qd6 30.Bxb8 Qxb8 31.Qa5 Qe5 32.Qb4 Qd5 33.Re1 Rd8 34.h3 h5 35.Re7
Rd7 36.Re8+ Kc7 37.Re7 g5 38.Rxd7+ Qxd7 39.Qa5+ Kb8 40.Qxg5 Rd5
41.Qf4+ Ka7 42.Qe3+ Ka6 43.Qe2+ Ka7 44.b4 Qd6 45.b5 cxb5 46.axb5+
Kb6 47.Qe3+ Kxb5 48.Qb3+ Kc6 49.Rc1+ Rc5 50.Qa4+ Kc7 51.Qa5+
Kc6 52.Rxc5+ Qxc5 53.Qxc5+ Kxc5 54.g4 Kd5 55.gxh5 Ke5 56.f4+ 1-0

[Event "Druzynowe Mistrzostwa Polski - II Liga Seniorow"]
[Site "Ustron/Slaski Zwiazek Szachowy"]
[Date "2008.09.07"]
[Round "2.36"]
[White "Krokay, Urszula"]
[Black "Bursa, Renata"]
[Result "1-0"]
[WhiteTitle "k"]
[BlackTitle "WFM"]
[WhiteElo "2018"]
[BlackElo "2065"]

1.c4 e6 2.g3 d5 3.Bg2 Nf6 4.Nf3 Be7 5.O-O O-O 6.b3 c6 7.d4 Nbd7
8.Bb2 Bd6 9.Nbd2 Qe7 10.Ne5 Rd8 11.Qc2 Nf8 12.e4 Bb4 13.Bc3 Bxc3
14.Qxc3 Nxe4 15.Nxe4 dxe4 16.Bxe4 f6 17.Nf3 Bd7 18.Rfe1 Be8 19.d5
cxd5 20.Bxd5 Qd7 21.Be4 Bf7 22.Qb4 Rab8 23.Bc2 e5 24.Rad1 Qg4
25.Nh4 b6 26.Nf5 Be6 27.Ne7+ Kh8 28.Nc6 Rdc8 29.Nxb8 Rxb8 30.Qd6
Rc8 31.Re4 Qf3 32.Re3 Qh5 33.Be4 Bg4 34.f3 Bh3 35.Bb7 Re8 36.Bc6
Rc8 37.Qe7 Ne6 38.Bd7 Qg5 39.Red3 Nf4 40.Bxc8 h5 41.Bxh3 Nxh3+
42.Kf1 h4 43.Qe6 f5 44.Qxe5 Qg6 45.Rd8+ Kh7 46.R8d5 hxg3 47.hxg3
Kh8 48.Qxf5 Qh6 49.Rd8# 1-0

[Event "Druzynowe Mistrzostwa Polski - II Liga S"]
[Site "Ustron/Slaski Zwiazek Szachowy"]
[Date "2008.09.07"]
[Round "2.37"]
[White "Kujawski, Ryszard"]
[Black "Pinkas, Karol"]
[Result "0-1"]
[WhiteElo "2147"]
[BlackElo "2317"]
[PlyCount "61"]
[EventDate "2008.??.??"]

1. e4 e5 2. f4 d5 3. exd5 exf4 4. Nf3 Nf6 5. Bb5+ c6 6. dxc6 Nxc6 7. d4 Bd6 8.
O-O O-O 9. Nbd2 Bg4 10. c3 Ne7 11. h3 Bh5 12. Be2 Nf5 13. Re1 Ne3 14. Qb3 Bg6
15. Bd1 Bd3 16. c4 Bg6 17. Nf1 Nf5 18. Qxb7 Bc7 19. Kh1 Ba5 20. Re5 Nxd4 21.
Bxf4 Rb8 22. Qxa7 Nc6 23. Qf2 Nxe5 24. Nxe5 Ne4 25. Qf3 Rxb2 26. Be3 Qh4 27.
Bb3 Nf2+ 28. Bxf2 Rxf2 29. Qg4 Qf6 30. Qd4 Rd8 31. Qe3 0-1

[Event "Druzynowe Mistrzostwa Polski - II Liga S"]
[Site "Ustron/Slaski Zwiazek Szachowy"]
[Date "2008.09.07"]
[Round "2.38"]
[White "Tokarski, Bartosz"]
[Black "Bardeli, Lukasz"]
[Result "1/2-1/2"]
[WhiteElo "2157"]
[BlackElo "2317"]
[PlyCount "90"]
[EventDate "2008.??.??"]

1. e4 Nf6 2. e5 Nd5 3. d4 d6 4. Nf3 Bg4 5. Be2 e6 6. O-O Be7 7. c4 Nb6 8. Nc3
O-O 9. Be3 d5 10. c5 Bxf3 11. gxf3 Nc8 12. Kh1 Bh4 13. Bd3 Ne7 14. Qc2 g6 15.
Rg1 Nbc6 16. a3 Kh8 17. b4 a6 18. Ne2 Nf5 19. Bxf5 exf5 20. Qd2 Qe7 21. Nf4 Qd7
22. Ng2 Be7 23. a4 Nd8 24. Qd3 Ne6 25. b5 Rfd8 26. Rgc1 axb5 27. axb5 Qe8 28.
Nf4 Bh4 29. Rxa8 Rxa8 30. Nxd5 Qd8 31. Qc4 Ra3 32. f4 c6 33. bxc6 bxc6 34. Nb4
Ra4 35. Qb3 Rxb4 36. Qxb4 Qd5+ 37. Kg1 g5 38. Qd2 gxf4 39. Bxf4 Nxd4 40. Qe3
Nf3+ 41. Kg2 Ne1+ 42. Kf1 Nc2 43. Rxc2 Qd1+ 44. Kg2 Qxc2 45. e6 Qe4+ 1/2-1/2

[Event "Druzynowe Mistrzostwa Polski - II Liga S"]
[Site "Ustron/Slaski Zwiazek Szachowy"]
[Date "2008.09.07"]
[Round "2.39"]
[White "Nowak, Rafal"]
[Black "Zowada, Kazimierz"]
[Result "0-1"]
[WhiteElo "2008"]
[BlackElo "2196"]
[PlyCount "54"]
[EventDate "2008.??.??"]

1. d4 g6 2. e4 Bg7 3. Nc3 c6 4. Be3 d5 5. Nf3 Nf6 6. e5 Ng4 7. Bf4 f6 8. h3
fxe5 9. Nxe5 Nxe5 10. Bxe5 Bxe5 11. dxe5 d4 12. Ne2 c5 13. Qd2 Nc6 14. f4 Be6
15. Ng3 O-O 16. Bb5 Nb4 17. a3 Nxc2+ 18. Qxc2 Qa5+ 19. b4 Qxb5 20. Qxc5 Qxc5
21. bxc5 Rxf4 22. Rf1 Raf8 23. Rxf4 Rxf4 24. O-O-O Bc4 25. Rd2 Kf7 26. Ne2 Rf1+
27. Kb2 Rf2 0-1

[Event "Druzynowe Mistrzostwa Polski - II Liga Seniorow"]
[Site "Ustron/Slaski Zwiazek Szachowy"]
[Date "2008.09.07"]
[Round "2.40"]
[White "Guzik, Jolanta"]
[Black "Jedrzejewski, Kamil"]
[Result "1/2-1/2"]
[WhiteTitle "WFM"]
[BlackTitle "I"]
[WhiteElo "2095"]
[BlackElo "1961"]

1.c4 Nf6 2.Nc3 e5 3.g3 Nc6 4.Bg2 g6 5.e3 Bg7 6.Nge2 O-O 7.O-O
d6 8.d3 Be6 9.Nd5 Qd7 10.Rb1 Bh3 11.b4 Bxg2 12.Kxg2 Nh5 13.b5
Nd8 14.f3 c6 15.bxc6 bxc6 16.Ndc3 f5 17.Qa4 Ne6 18.Ba3 Nc5 19.Qc2
f4 20.exf4 exf4 21.Ne4 Nxe4 22.dxe4 fxg3 23.hxg3 Be5 24.Bb2 Rab8
25.Bxe5 Rxb1 1/2-1/2

[Event "Druzynowe Mistrzostwa Polski - II Liga Seniorow"]
[Site "Ustron/Slaski Zwiazek Szachowy"]
[Date "2008.09.07"]
[Round "2.41"]
[White "Wisniewski, Emil"]
[Black "Siedlinski, Piotr"]
[Result "0-1"]
[WhiteTitle "I"]
[BlackTitle "II+"]
[WhiteElo "1864"]
[BlackElo "1853"]

1.e4 d5 2.exd5 Qxd5 3.Nc3 Qa5 4.Bc4 Nf6 5.d3 c6 6.Bd2 Qc7 7.Nge2
Bf5 8.Ng3 Bg6 9.Qe2 e6 10.Nce4 Nbd7 11.Bc3 Bxe4 12.Nxe4 Be7 13.O-O-O
a5 14.Ng5 Nd5 15.Bd2 b5 16.Bxd5 cxd5 17.Kb1 Bf6 18.Qh5 g6 19.Qf3
Qe5 20.d4 Qf5 21.Qxf5 gxf5 22.Nf3 Ke7 23.Rhe1 Rhg8 24.g3 Nb6
25.b3 Nc8 26.Bf4 Na7 27.Be5 b4 28.Bxf6+ Kxf6 29.Ne5 Nb5 30.Kb2
Ra7 31.Rd2 Rc8 32.Re3 Nc3 33.Nd3 Ne4 34.Rde2 Nc3 35.Rd2 Nb5 36.Nc1
Rac7 37.f4 Nxd4 38.Red3 Nxc2 39.Ne2 Na3 40.Nd4 Rc1 41.Rd1 R1c5
42.R3d2 Nb5 43.Nf3 Nc3 44.Rg1 Ne4 45.Re2 Rc3 46.Ne5 Nc5 47.Rd1
a4 48.Rd4 a3+ 49.Kb1 Rc1+ 50.Kxc1 Nxb3+ 0-1

[Event "Druzynowe Mistrzostwa Polski - II Liga Seniorow"]
[Site "Ustron/Slaski Zwiazek Szachowy"]
[Date "2008.09.07"]
[Round "2.42"]
[White "Labedz, Patrycja"]
[Black "Grzelachowska, Grazyna"]
[Result "1-0"]
[WhiteTitle "I++"]
[BlackTitle "k"]
[WhiteElo "1949"]
[BlackElo "1983"]

1.Nf3 Nf6 2.d4 d5 3.Bf4 g6 4.e3 Bg7 5.Be2 O-O 6.O-O Nbd7 7.h3
Re8 8.Ne5 Ne4 9.Nxd7 Bxd7 10.f3 Nd6 11.Nc3 Bc6 12.Qd3 Nc4 13.b3
e5 14.dxe5 Nxe5 15.Qd2 Qh4 16.Nxd5 Rad8 17.c4 Bxd5 18.cxd5 g5
19.Bh2 c6 20.e4 cxd5 21.exd5 Nc6 22.Rad1 Bd4+ 23.Kh1 Rxd5 24.f4
Rdd8 25.Qc2 g4 26.Bxg4 h5 27.Bf3 Bb6 28.Rxd8 Nxd8 29.Qd1 Ne6
30.Bxh5 Nd4 31.Qg4+ Qxg4 32.Bxg4 f5 33.Bh5 Rc8 34.Bg1 Rc2 35.Rd1
Ne6 36.Bxb6 axb6 37.Bf3 Kf8 38.Rd6 Ke7 39.Rxb6 Nc5 40.b4 Nd3
41.Rxb7+ Ke6 42.Rb6+ Ke7 43.a4 Nxf4 44.a5 Rc1+ 45.Kh2 Ne6 46.a6
Nc7 47.a7 Ra1 48.Rb7 Kd6 49.Rxc7 Kxc7 50.a8Q Rxa8 51.Bxa8 Kb6
52.Kg3 Kb5 53.h4 Kxb4 54.h5 Kc5 55.h6 Kd6 56.h7 Ke7 57.h8Q Ke6
58.Kf4 Ke7 59.Ke5 f4 60.Bc6 f3 61.Qf6# 1-0

[Event "Druzynowe Mistrzostwa Polski - II Liga S"]
[Site "Ustron/Slaski Zwiazek Szachowy"]
[Date "2008.09.07"]
[Round "2.43"]
[White "Fudalej, Michal"]
[Black "Hera, Imre"]
[Result "0-1"]
[WhiteElo "2309"]
[BlackElo "2518"]
[PlyCount "96"]
[EventDate "2008.??.??"]

1. Nf3 d5 2. g3 c6 3. Bg2 Nf6 4. b3 Bg4 5. Bb2 Nbd7 6. d3 e6 7. Nbd2 Bd6 8. O-O
O-O 9. h3 Bh5 10. Qe1 e5 11. e4 Re8 12. Nh4 Nc5 13. Nf5 Bc7 14. a4 Qd7 15. b4
Ne6 16. Nb3 Rad8 17. c4 dxc4 18. dxc4 Qd3 19. Qc3 Nxe4 20. Qxd3 Rxd3 21. Bxe4
Rxb3 22. Ba3 Bg6 23. b5 c5 24. g4 b6 25. a5 Nd4 26. axb6 axb6 27. Bc1 Rc3 28.
Ne7+ Kf8 29. Nd5 Ne2+ 30. Kh2 Bxe4 31. Nxc7 Rb8 32. Re1 Rxc1 33. Raxc1 Nxc1 34.
Na6 Nb3 35. Rxe4 f6 36. Re3 Nd2 37. Rd3 Nxc4 38. Rd7 Re8 39. Nc7 Re7 40. Rd8+
Kf7 41. Nd5 Rb7 42. Kg3 Ke6 43. f4 Rd7 44. f5+ Kd6 45. Rxd7+ Kxd7 46. h4 Kd6
47. Nc3 h5 48. Na4 Kd5 0-1

[Event "Druzynowe Mistrzostwa Polski - II Liga S"]
[Site "Ustron/Slaski Zwiazek Szachowy"]
[Date "2008.09.07"]
[Round "2.44"]
[White "Kosiorek, Marek"]
[Black "Urbanski, Grzegorz"]
[Result "0-1"]
[WhiteElo "2371"]
[BlackElo "2158"]
[PlyCount "114"]
[EventDate "2008.??.??"]

1. e4 e6 2. d4 d5 3. Nc3 dxe4 4. Nxe4 Nd7 5. Bd3 Ngf6 6. Qe2 c5 7. Nxf6+ Nxf6
8. dxc5 Bxc5 9. Nf3 Qc7 10. O-O Bd6 11. Re1 Nd5 12. Ne5 a6 13. c4 Nb4 14. Bb1
Nc6 15. Nf3 b6 16. b3 Bb7 17. Bb2 O-O-O 18. a3 Kb8 19. b4 e5 20. Be4 Nd4 21.
Bxd4 exd4 22. c5 Bf4 23. cxb6 Qxb6 24. Bxb7 Qxb7 25. Rad1 Bc7 26. Rxd4 Bb6 27.
Re4 Rd7 28. a4 Rhd8 29. Re8 Rxe8 30. Qxe8+ Rd8 31. Qe5+ Qc7 32. Qe4 Rd6 33. b5
Re6 34. Ne5 Qc3 35. Nc6+ Kc8 36. Ne7+ Kd7 37. Qb7+ Ke8 38. Rf1 Qd4 39. h3 Rxe7
40. Qc8+ Qd8 41. Qxd8+ Kxd8 42. bxa6 Ra7 43. Re1 Rxa6 44. Re4 h5 45. h4 Ra5 46.
Rf4 Ke7 47. g3 Ke6 48. Kg2 Rf5 49. Re4+ Kd5 50. f3 Re5 51. Rb4 Bc5 52. Rf4 f6
53. g4 Bd6 54. a5 Re2+ 55. Kf1 Bxf4 56. Kxe2 hxg4 57. fxg4 Bg3 0-1

[Event "Druzynowe Mistrzostwa Polski - II Liga S"]
[Site "Ustron/Slaski Zwiazek Szachowy"]
[Date "2008.09.07"]
[Round "2.45"]
[White "Rzepka, Krzysztof"]
[Black "Karbowiak, Adam"]
[Result "1/2-1/2"]
[WhiteElo "2208"]
[BlackElo "2194"]
[PlyCount "43"]
[EventDate "2008.??.??"]

1. d4 Nf6 2. c4 g6 3. Nc3 Bg7 4. Nf3 O-O 5. g3 d6 6. Bg2 Nc6 7. O-O Bg4 8. h3
Bxf3 9. Bxf3 Nd7 10. Be3 e5 11. Bxc6 bxc6 12. Qd2 Re8 13. b3 a6 14. Rad1 Qe7
15. dxe5 Qxe5 16. Bd4 Qe6 17. Bxg7 Kxg7 18. Kg2 Nc5 19. Qd4+ Qe5 20. e3 f6 21.
Qxe5 Rxe5 22. Rfe1 1/2-1/2

[Event "Druzynowe Mistrzostwa Polski - II Liga S"]
[Site "Ustron/Slaski Zwiazek Szachowy"]
[Date "2008.09.07"]
[Round "2.46"]
[White "Kukula, Pawel"]
[Black "Szczyrba, Daniel"]
[Result "1-0"]
[WhiteElo "2238"]
[BlackElo "2191"]
[PlyCount "73"]
[EventDate "2008.??.??"]

1. d4 Nf6 2. Nf3 e6 3. Nbd2 d5 4. e3 c5 5. c3 Bd6 6. Bd3 O-O 7. O-O Nbd7 8. Re1
e5 9. e4 cxd4 10. cxd4 dxe4 11. Nxe4 Nxe4 12. Bxe4 exd4 13. Nxd4 Nf6 14. Bf3
Qb6 15. Be3 Qxb2 16. Re2 Qc3 17. Rc2 Qa5 18. Rb1 a6 19. h3 Qe5 20. g3 Nd5 21.
Bc1 Bxh3 22. Re2 Nc3 23. Rxe5 Nxd1 24. Rh5 Nc3 25. Rb6 Rac8 26. g4 g6 27. Rxh3
Bc5 28. Rxb7 Bxd4 29. Bg5 Rb8 30. Rd7 Bg7 31. Ra7 Rb6 32. Be3 Re6 33. Bg2 Rd8
34. Bb7 Nxa2 35. Bd5 Bd4 36. Bxe6 fxe6 37. Bxd4 1-0

 Bxd4 1-0

[Event "Druzynowe Mistrzostwa Polski - II Liga S"]
[Site "Ustron/Slaski Zwiazek Szachowy"]
[Date "2008.09.07"]
[Round "2.47"]
[White "Sroka, Janusz"]
[Black "Zwolakiewicz, Krzysztof"]
[Result "0-1"]
[WhiteElo "2156"]
[BlackElo "2051"]
[PlyCount "76"]
[EventDate "2008.??.??"]

1. e4 c5 2. Nc3 a6 3. g3 b5 4. Bg2 Bb7 5. d3 e6 6. f4 d5 7. Qe2 Nf6 8. e5 Nfd7
9. Nf3 Nc6 10. O-O Qc7 11. f5 O-O-O 12. fxe6 fxe6 13. Bf4 Nb6 14. Bh3 Re8 15.
a4 bxa4 16. Nxa4 Nxa4 17. Rxa4 h6 18. c3 g5 19. Bd2 Rg8 20. Bg4 Qb6 21. Be3 Qb5
22. Rfa1 Kb8 23. Bf2 Rg7 24. Qc2 d4 25. c4 Nb4 26. Qe2 Qc6 27. Be1 Be7 28. Bxb4
cxb4 29. Ra5 Bd8 30. R5a2 Rf8 31. Qe4 Qb6 32. Qe2 h5 33. Bxh5 g4 34. Nd2 Bg5
35. Nf1 Bf3 36. Qf2 Be3 37. Nxe3 dxe3 38. Qc2 Qd4 0-1

[Event "Druzynowe Mistrzostwa Polski - II Liga S"]
[Site "Ustron/Slaski Zwiazek Szachowy"]
[Date "2008.09.07"]
[Round "2.48"]
[White "Czarnota, Dorota"]
[Black "Halamus, Agata"]
[Result "1/2-1/2"]
[WhiteElo "2229"]
[BlackElo "1935"]
[PlyCount "64"]
[EventDate "2008.??.??"]

1. d4 d5 2. c4 c6 3. Nf3 Nf6 4. e3 Bg4 5. Qb3 Qb6 6. Nc3 e6 7. Be2 Nbd7 8. O-O
Be7 9. h3 Bh5 10. Qc2 Bg6 11. Qd1 h6 12. b3 O-O 13. Bb2 Ne4 14. Nxe4 Bxe4 15.
Bd3 Bxd3 16. Qxd3 f5 17. c5 Qc7 18. b4 Bf6 19. a4 a5 20. b5 Nxc5 21. Qc2 Ne4
22. Rac1 Rfc8 23. Ba3 Qd7 24. b6 Ra6 25. Rb1 Qd8 26. Bc5 g6 27. Rfd1 Nxc5 28.
dxc5 e5 29. Nd2 Qe7 30. Nb3 Kh7 31. Qd2 Bg7 32. Rdc1 Rca8 1/2-1/2

[Event "Druzynowe Mistrzostwa Polski - II Liga S"]
[Site "Ustron/Slaski Zwiazek Szachowy"]
[Date "2008.09.07"]
[Round "2.49"]
[White "Rys, Marek"]
[Black "Murdzia, Piotr"]
[Result "0-1"]
[WhiteElo "1828"]
[BlackElo "2481"]
[PlyCount "95"]
[EventDate "2008.??.??"]

1. d4 g6 2. Nf3 Bg7 3. c4 Nf6 4. Nc3 O-O 5. e4 c6 6. Bd3 d6 7. O-O Nbd7 8. h3
e5 9. Be3 exd4 10. Bxd4 Re8 11. Re1 Ne5 12. Nxe5 dxe5 13. Be3 Nh5 14. Be2 Nf4
15. Qxd8 Nxe2+ 16. Nxe2 Rxd8 17. Red1 Re8 18. f3 Be6 19. b3 Bf8 20. Kf2 f6 21.
Rd3 Kf7 22. Rad1 Be7 23. Nc3 h5 24. c5 f5 25. Ke2 f4 26. Bf2 g5 27. Rh1 Rh8 28.
Rdd1 g4 29. hxg4 hxg4 30. Rxh8 Rxh8 31. Kf1 Rh1+ 32. Ke2 Rh2 33. Kf1 Bc8 34.
Bg1 Rh1 35. Ke2 Ke8 36. Kd2 Be6 37. Ke2 Bc8 38. Kd2 gxf3 39. gxf3 Rh3 40. Rf1
Rg3 41. Ne2 Rg2 42. Rf2 Bh3 43. Rxg2 Bxg2 44. Nc3 Bxf3 45. Bf2 Kf7 46. Ke1 Kg6
47. Kf1 Kh5 48. Be1 0-1

[Event "Druzynowe Mistrzostwa Polski - II Liga S"]
[Site "Ustron/Slaski Zwiazek Szachowy"]
[Date "2008.09.07"]
[Round "2.50"]
[White "Rawski, Slawomir"]
[Black "Mackowiak, Marek"]
[Result "1/2-1/2"]
[WhiteElo "2210"]
[BlackElo "2197"]
[PlyCount "93"]
[EventDate "2008.??.??"]

1. d4 g6 2. e4 Bg7 3. Nf3 d6 4. Bc4 c6 5. Nc3 Nf6 6. Bg5 O-O 7. Qe2 b5 8. Bd3
a6 9. e5 dxe5 10. dxe5 Nd5 11. Nxd5 cxd5 12. Nd4 h6 13. Bh4 Qc7 14. f4 e6 15.
O-O Nc6 16. c3 Re8 17. a3 Bd7 18. Bf2 Nxd4 19. cxd4 Rec8 20. Be3 Qb6 21. h4 Be8
22. g4 Qd8 23. Qh2 f5 24. exf6 Bxf6 25. g5 hxg5 26. hxg5 Bg7 27. Kg2 Ra7 28.
Rh1 Rac7 29. Qh7+ Kf8 30. Bd2 Rc2 31. Bxc2 Rxc2 32. Rhd1 Qa5 33. b4 Qb6 34.
Rac1 Qxd4 35. Rxc2 Qe4+ 36. Kg3 Qd3+ 37. Be3 Qxc2 38. Qh1 d4 39. Bf2 Bc6 40.
Qf1 Qe4 41. Bg1 Bd5 42. Re1 Qc2 43. Rc1 Qb3+ 44. Kh4 Bb7 45. Rc7 Qd5 46. Qf2
Kg8 47. Rxg7+ 1/2-1/2

[Event "Druzynowe Mistrzostwa Polski - II Liga S"]
[Site "Ustron/Slaski Zwiazek Szachowy"]
[Date "2008.09.07"]
[Round "2.51"]
[White "Rys, Sebastian"]
[Black "Walkusz, Witoslaw"]
[Result "0-1"]
[WhiteElo "1973"]
[BlackElo "2151"]
[PlyCount "40"]
[EventDate "2008.??.??"]

1. e4 e5 2. Nf3 Nc6 3. Bc4 Nf6 4. Ng5 Bc5 5. Bxf7+ Ke7 6. Bd5 Qe8 7. O-O d6 8.
c3 Bg4 9. Qc2 h6 10. Nf7 Rf8 11. b4 Bb6 12. Nxe5 Nxe5 13. d4 Nf3+ 14. gxf3 Bxf3
15. e5 Nxd5 16. exd6+ Kd7 17. Nd2 Nxc3 18. Nxf3 Rxf3 19. Bb2 Ne4 20. dxc7 Qg6+
0-1

[Event "Druzynowe Mistrzostwa Polski - II Liga S"]
[Site "Ustron/Slaski Zwiazek Szachowy"]
[Date "2008.09.07"]
[Round "2.52"]
[White "Zdrojewski, Wojciech"]
[Black "Sron, Przemyslaw"]
[Result "1-0"]
[WhiteElo "2190"]
[BlackElo "1893"]
[PlyCount "97"]
[EventDate "2008.??.??"]

1. d4 d5 2. Bg5 Bf5 3. e3 Nd7 4. c4 h6 5. Bh4 g5 6. Bg3 dxc4 7. Bxc4 Nb6 8. Be2
Nf6 9. Nc3 c6 10. Nf3 Bg7 11. O-O Ne4 12. Be5 Bxe5 13. Nxe5 Nxc3 14. bxc3 Nd7
15. Nd3 Qc7 16. a4 a5 17. Rb1 Rb8 18. Bg4 Bxg4 19. Qxg4 b5 20. Rb2 Nf6 21. Qf5
Nd5 22. Rc1 O-O 23. Nc5 Rb6 24. axb5 e6 25. Qd3 cxb5 26. Rxb5 Rfb8 27. Rxb6
Qxb6 28. g3 Qb2 29. Rc2 Qa1+ 30. Kg2 a4 31. e4 Nf6 32. Qd2 Rb1 33. h3 g4 34.
hxg4 Nxg4 35. Kf3 Nh2+ 36. Kf4 a3 37. Ra2 Rd1 38. Rxa1 Rxd2 39. Ke3 Rc2 40.
Rxa3 Ng4+ 41. Kf3 Nxf2 42. d5 exd5 43. exd5 Nd1 44. d6 Rf2+ 45. Ke4 Re2+ 46.
Kd3 Re8 47. Ra2 Rd8 48. d7 Kg7 49. Ra7 1-0

[Event "Druzynowe Mistrzostwa Polski - II Liga S"]
[Site "Ustron/Slaski Zwiazek Szachowy"]
[Date "2008.09.07"]
[Round "2.53"]
[White "Rubinowski, Sebastian"]
[Black "Lewandowski, Miroslaw"]
[Result "1-0"]
[WhiteElo "2106"]
[BlackElo "2130"]
[PlyCount "81"]
[EventDate "2008.??.??"]

1. e4 c5 2. Nf3 Nc6 3. d4 cxd4 4. Nxd4 e5 5. Nb3 Nf6 6. Bg5 a5 7. a4 h6 8. Bxf6
Qxf6 9. Bc4 Qg6 10. Qf3 Nb4 11. Na3 Be7 12. c3 Nc6 13. Nb5 O-O 14. h3 Kh8 15.
g4 d6 16. Rd1 Be6 17. Nd2 Rac8 18. Bd3 Rfd8 19. Nf1 Bb3 20. Ra1 Bg5 21. Ng3 Qe6
22. h4 Bf4 23. Nh5 d5 24. O-O dxe4 25. Bxe4 Ne7 26. Nxf4 exf4 27. Nd4 Rxd4 28.
cxd4 Bd5 29. Rfe1 Qd6 30. Rac1 Rc6 31. Bxd5 Nxd5 32. Re8+ Kh7 33. Qe4+ g6 34.
Rxc6 Qxc6 35. h5 Qxa4 36. hxg6+ fxg6 37. Qe5 g5 38. Qf5+ Kg7 39. Qf8+ Kg6 40.
Re6+ Kh7 41. Rxh6# 1-0

[Event "Druzynowe Mistrzostwa Polski - II Liga S"]
[Site "Ustron/Slaski Zwiazek Szachowy"]
[Date "2008.09.07"]
[Round "2.55"]
[White "Bulski, Krzysztof"]
[Black "Grabarczyk, Bogdan"]
[Result "1/2-1/2"]
[WhiteElo "2388"]
[BlackElo "2449"]
[PlyCount "56"]
[EventDate "2008.??.??"]

1. e4 Nf6 2. e5 Nd5 3. d4 d6 4. c4 Nb6 5. exd6 exd6 6. Nf3 Be7 7. Bd3 Bg4 8. h3
Bh5 9. O-O Nc6 10. Be3 O-O 11. Nc3 d5 12. c5 Nc4 13. Qb3 Bxf3 14. gxf3 Bf6 15.
Rad1 Re8 16. Nxd5 Qxd5 17. Bxc4 Qh5 18. Kg2 Rad8 19. Qxb7 Na5 20. Qb5 Nxc4 21.
Qxc4 Rd5 22. Bf4 Rf5 23. d5 g5 24. Bg3 Qxf3+ 25. Kh2 Be5 26. Qg4 Bxg3+ 27. Qxg3
Qxg3+ 28. Kxg3 Rd8 1/2-1/2

[Event "Druzynowe Mistrzostwa Polski - II Liga S"]
[Site "Ustron/Slaski Zwiazek Szachowy"]
[Date "2008.09.07"]
[Round "2.56"]
[White "Duch, Mariusz"]
[Black "Kuciel, Wladyslaw"]
[Result "1/2-1/2"]
[WhiteElo "2269"]
[BlackElo "2129"]
[PlyCount "50"]
[EventDate "2008.??.??"]

1. Nf3 Nf6 2. g3 c5 3. Bg2 Nc6 4. O-O d5 5. c4 d4 6. d3 e5 7. b4 cxb4 8. a3
bxa3 9. Bxa3 Bxa3 10. Nxa3 O-O 11. Qa4 Qe7 12. Nc2 Bd7 13. Rfb1 Rab8 14. Nd2
Qe6 15. Nb4 Nxb4 16. Qxb4 a6 17. Bxb7 Qg4 18. Qd6 Qxe2 19. Ne4 Nxe4 20. Bxe4
Rxb1+ 21. Rxb1 Bh3 22. Qxe5 Qc2 23. Re1 Qc3 24. Rb1 Qc2 25. Re1 Qc3 1/2-1/2